World pork trends (Record no. 12483)

MARC details
000 -LEADER
fixed length control field 00887cam a2200265 4500
001 - CONTROL NUMBER
control field agr68000177
003 - CONTROL NUMBER IDENTIFIER
control field DLC
005 - DATE AND TIME OF LATEST TRANSACTION
control field 20260227111030.0
008 - FIXED-LENGTH DATA ELEMENTS--GENERAL INFORMATION
fixed length control field 690918s1968 dcu s 000 0 eng c
010 ## - LIBRARY OF CONGRESS CONTROL NUMBER
LC control number agr68000177
040 ## - CATALOGING SOURCE
Original cataloging agency U.S. Nat'l Agr. Libr.
Transcribing agency DLC
Modifying agency DLC
050 00 - LIBRARY OF CONGRESS CALL NUMBER
Classification number S21
Item number .Z2383 no. 197
070 0# - NATIONAL AGRICULTURAL LIBRARY CALL NUMBER
Classification number A281.9 F76Fm no. 197
082 00 - DEWEY DECIMAL CLASSIFICATION NUMBER
Classification number 382/.4164
100 1# - MAIN ENTRY--PERSONAL NAME
Personal name Dirks, Harlan J.,
Dates associated with a name 1925-
245 10 - TITLE STATEMENT
Title World pork trends
Statement of responsibility, etc. [by Harlan J. Dirks.
260 ## - PUBLICATION, DISTRIBUTION, ETC.
Place of publication, distribution, etc. Washington]
Name of publisher, distributor, etc. Foreign Agricultural Service, U.S. Dept. of Agriculture,
Date of publication, distribution, etc. 1968.
300 ## - PHYSICAL DESCRIPTION
Extent 57 p.
Dimensions 26 cm.
490 1# - SERIES STATEMENT
Series statement [U.S. Foreign Agricultural Service] FAS-M-197
500 ## - GENERAL NOTE
General note Cover title.
650 #0 - SUBJECT ADDED ENTRY--TOPICAL TERM
Topical term or geographic name entry element Pork industry and trade
General subdivision Statistics.
650 #3 - SUBJECT ADDED ENTRY--TOPICAL TERM
Topical term or geographic name entry element Pork industry and trade
General subdivision Statistics.
650 #3 - SUBJECT ADDED ENTRY--TOPICAL TERM
Topical term or geographic name entry element Pork
General subdivision Marketing.
810 1# - SERIES ADDED ENTRY--CORPORATE NAME
Corporate name or jurisdiction name as entry element United States.
Subordinate unit Foreign Agricultural Service (1953- )
Title of a work FAS-M-
Volume/sequential designation 197

No items available.

Powered by Koha